000 00413nam a22001577a 4500
999 _c196210
_d196210
005 20230606160548.0
010 _aB-680738
020 _c275.00
035 _aB-680738
100 _aJain,A.K
245 _aMannual of practical physiology
_cA.K.Jain
260 _aDelhi
_bPansy Books
270 _aSomesh Vihar,Chhawla,
_bDelhi
_e110071
300 _avp.
_c22cm
942 _2ddc
_cEN
_mJAI
_h000